Statistiken für Erfindungen nach Land #2

Klicken Sie hier um das Quiz zu spielen!

Allgemein

  • Dieses Quiz wurde 3.990 mal gespielt
  • Das Durchschnittsergebnis liegt bei 12 aus 24

Antwortstatistiken

Erfindung / EntdeckungJahrLand% Korrekt
Atombombe1945Vereinigte Staaten
98%
Papyrus3000 v. Chr.Ägypten
74%
Glühbirne1878Vereinigte Staaten
74%
modernes Eishockey1875Kanada
73%
Sauna?Finnland
69%
Mikrochip1958Vereinigte Staaten
65%
Taschenmesser1891Schweiz
62%
Tee1000 v. Chr.China
61%
Papier100 v. Chr.China
60%
Samba1920erBrasilien
56%
Schwerkraft1686Vereinigtes Königreich
54%
Weihnachtsbaum17. Jh.Deutschland
51%
Fotografie1826Frankreich
49%
Papiergeld11. Jh.China
46%
Penizillin1928Vereinigtes Königreich
45%
Tango1890erArgentinien oder Uruguay
43%
CD-Spieler1982Japan
43%
Periodensystem1869Russland
43%
Radium1898Frankreich
39%
World Wide Web
(Nationalität des Erfinders)
1989Vereinigtes Königreich
36%
Schrift3600 v. Chr.Irak
24%
Radio1890erItalien
24%
Zumba1990erKolumbien
13%
zusammengesetztes Mikroskop1590Niederlande
12%

Verteilung der Resultate

Perzentil nach korrekt beantworteten Fragen

Anzahl Personen mit jedem Resultat

Ihre Resultats-Entwicklung

Sie haben dieses Quiz noch nicht gespielt